Những vấn đề pháp lý về tự do lựa chọn trọng tài viên và giải pháp nâng cao chất lượng đội ngũ trọng tài viên ở Việt Nam hiện nay /

Kaydedildi:
Detaylı Bibliyografya
Yazar: Trần Viết Long.
Materyal Türü: Makale
Dil:Vietnamese
Konular:
Etiketler: Etiketle
Etiket eklenmemiş, İlk siz ekleyin!
Thư viện lưu trữ: Thư viện Trường Đại học Đà Lạt
LEADER 00846nam a2200253 4500
001 DLU210195954
005 ##20210331
040 # # |a DLU  |b vie 
041 # # |a vie 
044 # # |a vn 
100 # # |a Trần Viết Long. 
245 # # |a Những vấn đề pháp lý về tự do lựa chọn trọng tài viên và giải pháp nâng cao chất lượng đội ngũ trọng tài viên ở Việt Nam hiện nay /  |c Trần Viết Long. 
653 # # |a Luật trọng tài thương mại 
653 # # |a Tiêu chí 
653 # # |a VIAC 
773 # # |t Nghề luật  |g Số 4, 2016, tr. 44-46 
920 # # |a Phòng Tạp chí -- Trung tâm Thông tin - Thư viện Trường Đại học Đà Lạt 
900 # # |a True 
911 # # |a Nguyễn Thị Thu Phương 
925 # # |a G 
926 # # |a A 
927 # # |a BB 
980 # # |a Thư viện Trường Đại học Đà Lạt